00440nam a22001337a 4500008004100000020001800041040005500059080002300114245007000137260006300207300001000270650001300280653001300293230328b |||||||| |||| 00| 0 eng d a81-203-1903-6 aNational Science LibrarycNational Science Library aD 681.324MCSE bP1 aMCSE: bDesigning a microsoft windows 2000 network infrastructure aNew Delhi: bPrentice Hall of India Private Limited,c2001 a929p. aWindows  aNetwork